Quick Pick: '-land' Capitals Quiz Stats

 Plays Quiz Updated Jul 2, 2018

Challenge
Share
Tweet
Embed
Score 0/10 Timer 01:00
5 Plays Today
% Correct
Dublin
97%
Bangkok
95.8%
Amsterdam
94.8%
Warsaw
94.1%
Helsinki
92.9%
Reykjavik
92.7%
Wellington
92.6%
Bern
91.5%
Honiara
67.8%
Majuro
67.5%

Today's Daily Dose

You're not logged in!

Compare scores with friends on all Sporcle quizzes.
OR
Log In

You Might Also Like...

Show Comments

Extras

Top Quizzes Today


Score Distribution

Your Account Isn't Verified!

In order to create a playlist on Sporcle, you need to verify the email address you used during registration. Go to your Sporcle Settings to finish the process.

Report this User

Report this user for behavior that violates our Community Guidelines.

Details: